| 000 | 00724cam a2200265 4500 | ||
|---|---|---|---|
| 999 |
_c20195 _d20195 |
||
| 001 | 3120959 | ||
| 003 | BDDh-ASL | ||
| 005 | 20231015025845.0 | ||
| 008 | 700617s1968 pk c b 000 0 eng | ||
| 010 | _asa 68015846 | ||
| 025 | _aPL480:P-E-1465 | ||
| 040 |
_aDLC _cDLC _dDLC _dBDDh-ASL |
||
| 050 | 0 | 0 |
_aBP165 _b.M315 1968 |
| 082 | 0 | 0 |
_a297.8 _bJSI |
| 100 | 0 |
_aMaryam Jameelah, _d1934-2012. |
|
| 245 | 1 | 0 | _aIslam and modernism/ |
| 250 | _a2d ed. | ||
| 260 |
_aLahore: _bMohammad Yusaf Khan, _c1968. |
||
| 300 |
_axiii, 251 p. _bport. _c22 cm. |
||
| 350 | _a9.00 | ||
| 504 | _aBibliography: p. [243]-251. | ||
| 650 | 0 |
_aIslam _y20th century. |
|
| 906 |
_a7 _bcbc _corignew _du _encip _f19 _gy-gencatlg |
||
| 942 |
_2ddc _cBK |
||